00541 2200217 4500001002100000008004100021035002000062245007400082100002300156250000600179260003000185084001400215082000800229650001400237990001200251990001200263990001200275990001200287990001200299990001200311INLIS000000000001525 ind  a0010-0125000023 aSchaum'sOutline; Aljabar Linear edisi KetigacSeymour Lipschutz, Ph.D aLipschutz, Seymour a1 aJakarta :bErlanggac2004 a510 SEY s a510 aNon Fiksi a0714046 a0714047 a0714048 a0714049 a0714050 a0714051